Haikyu Quiz Trivia #2 - Statistics

General Stats
  • This quiz has been taken 50 times
  • The average score is 9 of 15
Answer Stats
Hint Answer % Correct
Easy: What are the two main colors of Karasuno? Black and Orange
98%
Super Easy: Who is Karasuno's setter? Tobio Kageyama
98%
Easy: What is the nickname of the former ace of Karasuno whom Hinata really idolized and his reason for love of volleyball? The Little Giant
86%
Easy: Who is the team in the Miyagi Prefecture known for its Iron Wall? Date Tech
81%
Hard: Who takes over Daichi's position when he got injured by banging into Tanaka? Chikara Ennoshita
76%
Medium: Who is Karasuno's faculty advisor? Ittetsu Takeda
76%
Hard: About how tall is Yudai Hyakuzawa? (In Meters) 2 Meters
69%
Easy: What are the words on the banner of Nekoma? Connect
67%
Medium: Who is Shiratorizawa's future ace? Tsutomu Goshiki
67%
Impossible: What team does Tsukishima play for after Karasuno? Sendai Frogs
40%
Hard: What does Atsuma Miya call Tobio Kageyama at the All-Japan Youth Intensive Training Camp? Goody-Two-Shoes
38%
Hard: What team does Korai Hoshiumi play for? Kamomedai
38%
Medium: What did Hinata accidentally call a "splatter step"? Split Step
38%
Medium: What are the words on the banner of Inarizaki High? We Don't Need The Memories
31%
Super Hard: Who is Shoyo's friend from the basketball team in junior high who tossed for him? Yukitaka Izumi
21%
No matching quizzes found
Score Distribution
Percent of People with Each Score
Percentile by Number Answered
Your Score History
You have not taken this quiz